Algebra VIII : Representations of finite-dimensional algebras /

Guardado en:
Otros Autores: Kostrikin, A. I. (Editor ), Shafarevich, I. R. 1923- (Editor ), Gabriel, Peter, 1933-, Roiter, A. V. 1937-
Formato: Libro
Idioma:English
Russian
Publicado: Berlin : Springer-Verlag, c1992.
Series:Encyclopaedia of mathematical sciences ; v. 73
Etiquetas: Agregar Etiqueta
Sin Etiquetas, Sea el primero en etiquetar este registro!
LEADER 01216nam a22002895a 4500
001 MAT.inmabb004200
008 070215s1992####gw#a#####b####001#0#eng#d
005 20170516115456.0
245 1 0 |a Algebra VIII :  |b Representations of finite-dimensional algebras /  |c A. I. Kostrikin, I. R. Shafarevich (eds.). 
260 |a Berlin :  |b Springer-Verlag,  |c c1992. 
300 |a 177 p. :  |b il. ;  |c 24 cm. 
440 0 |a Encyclopaedia of mathematical sciences ;  |v v. 73 
500 |a Traducido de la edición rusa. 
504 |a Incluye referencias bibliográficas (p. 166-171) e índices. 
505 0 |a Representations of finite-dimensional algebras / P. Gabriel, A. V. Roiter ; [with a chapter by B. Keller] 
510 4 |a MR,  |c 94h:16001a 
020 |a 3540537325 
020 |a 0387537325 
700 1 |a Kostrikin, A. I.  |q (Aleksei Ivanovich)  |4 edt 
700 1 |a Shafarevich, I. R.  |q (Igor Rostislavovich),  |d 1923-  |4 edt 
700 1 |a Gabriel, Peter,  |d 1933- 
700 1 |a Roiter, A. V.  |q (Andrei Vladimirovich),  |d 1937- 
246 3 |a Algebra 8 
084 |a 16-02 (14L30 16G20 16G60)  |2 MR 
041 1 |a eng  |h rus 
859 |h 16  |i Al394r  |p A-6562  |v 8  |3 Vol. VIII  |b BIB. MATEMATICA 
859 |h 16  |i Al394r  |p A-6835  |t Ej. 2  |v 8  |3 Vol. VIII  |b BIB. MATEMATICA